000 00682nam a2200289Ia 4500
005 20260324145904.0
008 008 260324s9999 xx 000 0 eng d
020 _a9781315781211
037 _aEBOOK
040 _aCRL
040 _beng
040 _cCRL
041 _2eng
041 _aeng
084 _qCRL
100 _aBenton Underwood
_91224544
245 0 _aTemporal Codes for Memories (PLE: Memory)
245 0 _bIssues and Problems
260 _bTaylor and Francis
260 _c1977
365 _a
365 _b180
856 _uhttp://www.taylorfrancis.com/books/9781315781211
942 _cEBOOK
999 _c1833085
_d1833085